000 00444nam a2200181Ia 4500
001 850
005 20260306140548.0
008 260306t2010||||xx |||||||||||||| ||spa||
041 _aESP
082 _a170
_bS23 2010
100 _aSánchez Migallón, Sergio
_eAUT
245 0 _aÉtica filosófica:
_bun curso introductorio
260 _c2010
300 _a206 páginas :
_c21 cm.
650 _aGEN
654 _aCHU
942 _cLIB
_dJUS
_fJUS
_2ddc
_n
999 _c850
_d850